[Event "European Youth Chess Championship G14"]
[Site "Prague, Top Hotel Prague"]
[Date "2016.08.22"]
[Round "5.26"]
[White "Moenster, Madita"]
[Black "Moerwald, Magdalena"]
[Result "1-0"]
[WhiteElo "1808"]
[BlackElo "1624"]
[PlyCount "47"]
[EventDate "2016.08.18"]

1. e4 c5 2. Nf3 Nc6 3. d4 cxd4 4. Nxd4 g6 5. Nc3 Bg7 6. Be3 Nf6 7. Bc4 O-O 8.
Bb3 d6 9. f3 Bd7 10. h4 Rc8 11. h5 Nxh5 12. g4 Nf6 13. Nxc6 Bxc6 14. Qd2 Re8
15. Bh6 Bh8 16. Qh2 Qa5 17. O-O-O Bg7 18. Bxg7 Kxg7 19. Qh6+ Kg8 20. g5 Nh5 21.
Rxh5 gxh5 22. g6 hxg6 23. Qxg6+ Kh8 24. Qh6+ 1-0

[Event "European Youth Chess Championship G14"]
[Site "Prague, Top Hotel Prague"]
[Date "2016.08.22"]
[Round "5.27"]
[White "Mkrtchyan, Anahit"]
[Black "Granovskaya, Ekaterina"]
[Result "1/2-1/2"]
[WhiteElo "1561"]
[BlackElo "1805"]
[PlyCount "112"]
[EventDate "2016.08.18"]

1. e4 e5 2. Nf3 Nc6 3. d4 exd4 4. Nxd4 Bc5 5. Be3 Qf6 6. Nb5 Bxe3 7. fxe3 Kd8
8. N5c3 Nge7 9. Nd2 d6 10. Bc4 Ne5 11. Qe2 Bg4 12. Qf1 Qh4+ 13. g3 Qh6 14. Qf4
g5 15. Qf2 Nxc4 16. Nxc4 Qe6 17. Nd2 Kd7 18. Nf3 Bxf3 19. Qxf3 f5 20. O-O-O
Raf8 21. exf5 Rxf5 22. Qxb7 Qxe3+ 23. Kb1 Qb6 24. Qxb6 axb6 25. Kc1 Rhf8 26.
Rhe1 h6 27. Rd2 Rf1 28. Rde2 Rxe1+ 29. Rxe1 Rf2 30. Re2 Rxe2 31. Nxe2 c5 32. c4
d5 33. cxd5 Nxd5 34. Kd2 Kd6 35. a4 Nb4 36. b3 Kd5 37. Nc3+ Ke5 38. Ke3 Kf5 39.
Kf3 Nc2 40. Nd5 Nd4+ 41. Kf2 Nxb3 42. Nxb6 Na5 43. Kf3 c4 44. Nd5 Ke5 45. Nc3
Kd4 46. Nb5+ Ke5 47. Kg4 Kf6 48. Kh5 Kg7 49. h3 Nb3 50. Nc3 Na5 51. Nb5 Nb3 52.
Nc3 Na5 53. h4 gxh4 54. gxh4 Nb3 55. Nb5 Na5 56. Nc3 Nb3 $11 1/2-1/2

[Event "European Youth Chess Championship G14"]
[Site "Prague, Top Hotel Prague"]
[Date "2016.08.22"]
[Round "5.28"]
[White "Daniel, Sharon"]
[Black "Hajiyeva, Laman"]
[Result "0-1"]
[WhiteElo "1411"]
[BlackElo "1800"]
[PlyCount "48"]
[EventDate "2016.08.18"]

1. d4 Nf6 2. c4 e5 3. dxe5 Ng4 4. Nf3 Bc5 5. e3 Nc6 6. Be2 Ncxe5 7. Nxe5 Nxe5
8. Nc3 O-O 9. O-O d6 10. b3 Bf5 11. Bb2 Qh4 12. Re1 Rfe8 13. Nd5 Rac8 14. b4
Bb6 15. Nxb6 axb6 16. Qd4 Qh6 17. Rad1 Qg6 18. Qf4 Ra8 19. a3 Bd3 20. Kh1 Bxe2
21. Rxe2 Ng4 22. f3 Rxe3 23. Red2 Rae8 24. h3 Re1+ 0-1

[Event "European Youth Chess Championship G14"]
[Site "Prague, Top Hotel Prague"]
[Date "2016.08.22"]
[Round "5.29"]
[White "Rosenbaumova, Lea"]
[Black "Rinaudo, Giada"]
[Result "0-1"]
[WhiteElo "1432"]
[BlackElo "1754"]
[PlyCount "128"]
[EventDate "2016.08.18"]

1. e4 g6 2. f4 Bg7 3. Nf3 d6 4. d4 Nf6 5. Nc3 O-O 6. Be2 Na6 7. O-O b6 8. h3 c5
9. Be3 Nc7 10. dxc5 bxc5 11. e5 Nh5 12. exd6 exd6 13. Qe1 Re8 14. Qf2 Bxc3 15.
bxc3 Qe7 16. Bxc5 dxc5 17. Rfe1 Qe3 18. Bd3 Qxf2+ 19. Kxf2 Nxf4 20. Be4 Rb8 21.
a4 Rb2 22. Kg1 Ba6 23. Kh2 f5 24. Bc6 Re2 25. Ng1 Rexc2 26. Rec1 Rxc1 27. Rxc1
Bb7 28. Bxb7 Rxb7 29. Kg3 Nfd5 30. c4 Rb3+ 31. Nf3 Nb6 32. a5 Nd7 33. Kh2 Nf6
34. Ne5 Re3 35. Nc6 a6 36. Rc2 Re6 37. Nd8 Re8 38. Nc6 Ne4 39. g3 Nd6 40. Rd2
Nxc4 41. Rd7 Nb5 42. Rd5 Re2+ 43. Kh1 Nd4 44. Rxc5 Nxc6 45. Rxc6 Nxa5 46. Rxa6
Nc4 47. Rc6 Ne5 48. Rc3 h6 49. Kg1 Kg7 50. Kf1 Rb2 51. Re3 Kf6 52. Ke1 g5 53.
Re2 Rxe2+ 54. Kxe2 f4 55. gxf4 gxf4 56. Kf2 Kg5 57. Kg2 Kh4 58. Kh2 f3 59. Kg1
Kxh3 60. Kf2 Kg4 61. Kf1 Kg3 62. Kg1 f2+ 63. Kf1 h5 64. Ke2 Kg2 0-1

[Event "European Youth Chess Championship G14"]
[Site "Prague, Top Hotel Prague"]
[Date "2016.08.22"]
[Round "5.30"]
[White "Slaba, Andrea"]
[Black "Leonova, Ameliya"]
[Result "0-1"]
[WhiteElo "1753"]
[BlackElo "1513"]
[PlyCount "83"]
[EventDate "2016.08.18"]

1. d4 f5 2. Nf3 Nf6 3. g3 g6 4. Bg2 Bg7 5. O-O O-O 6. c4 d6 7. Nc3 Qe8 8. d5 a5
9. e4 fxe4 10. Ng5 e5 11. Ngxe4 Nbd7 12. b3 Nxe4 13. Nxe4 Nf6 14. Nxf6+ Bxf6
15. Bb2 Bf5 16. Qe2 Qe7 17. f3 Qg7 18. Qd2 b6 19. a3 Rae8 20. b4 axb4 21. axb4
e4 22. Bxf6 Rxf6 23. fxe4 Bxe4 24. Rfe1 Rff8 25. Bxe4 Rxe4 26. Rxe4 Qxa1+ 27.
Re1 Qa3 28. Re3 Qa8 29. Re1 Qa3 30. Rf1 Rxf1+ 31. Kxf1 Qf3+ 32. Kg1 Qb3 33. Qe2
Qxb4 34. Qe8+ Kg7 35. Qe7+ Kg8 36. Qxc7 Qe1+ 37. Kg2 Qe2+ 38. Kh3 Qf1+ 39. Kh4
Qf6+ 40. Kh3 Qf1+ 41. Kg4 Qf5+ 42. Kh4 0-1

[Event "European Youth Chess Championship G14"]
[Site "Prague, Top Hotel Prague"]
[Date "2016.08.22"]
[Round "5.31"]
[White "Olde, Grete"]
[Black "Nilsson, Kajsa 2002"]
[Result "1-0"]
[WhiteElo "1727"]
[BlackElo "1620"]
[PlyCount "117"]
[EventDate "2016.08.18"]

1. e4 e5 2. Nf3 Nc6 3. Bb5 a6 4. Ba4 Nf6 5. d3 d6 6. O-O g6 7. c3 Bg7 8. Nbd2
O-O 9. Re1 Nh5 10. Nf1 f5 11. Ng3 fxe4 12. dxe4 Nf4 13. Ne2 Kh8 14. Nxf4 exf4
15. Qd5 Ne5 16. Nxe5 Bxe5 17. Bd1 Rb8 18. Qd3 Qh4 19. g3 Qf6 20. Bxf4 Bxf4 21.
gxf4 Qxf4 22. Qg3 Be6 23. e5 Qxg3+ 24. hxg3 dxe5 25. Rxe5 Rf6 26. f4 Rd8 27.
Bf3 Rd3 28. Kf2 Rd2+ 29. Re2 Rxe2+ 30. Kxe2 Bc4+ 31. Ke3 Rd6 32. b3 Bb5 33. c4
Bc6 34. Bxc6 Rxc6 35. Rd1 Re6+ 36. Kf3 Re7 37. b4 Kg7 38. g4 Kf6 39. Rd5 Ke6
40. Ke4 Rd7 41. f5+ gxf5+ 42. Rxf5 Rd2 43. Rh5 Rxa2 44. Rh6+ Kd7 45. Rxh7+ Kc6
46. Rh6+ Kd7 47. Kd4 Rd2+ 48. Kc3 Rd6 49. g5 Ke8 50. Rxd6 cxd6 51. c5 Kd7 52.
g6 dxc5 53. g7 cxb4+ 54. Kxb4 Kc7 55. g8=Q Kb6 56. Qe6+ Ka7 57. Ka5 Kb8 58. Kb6
a5 59. Qe8# 1-0

[Event "European Youth Chess Championship G14"]
[Site "Prague, Top Hotel Prague"]
[Date "2016.08.22"]
[Round "5.33"]
[White "Tomcikova, Dominika"]
[Black "Zhbanova, Angelina"]
[Result "0-1"]
[WhiteElo "1741"]
[BlackElo "1465"]
[PlyCount "82"]
[EventDate "2016.08.18"]

1. d4 Nf6 2. Nc3 g6 3. e4 d6 4. f4 Bg7 5. e5 dxe5 6. dxe5 Qxd1+ 7. Kxd1 Bg4+ 8.
Ke1 Nfd7 9. Nd5 Kd8 10. Ne3 Be6 11. g4 Nb6 12. Bg2 c6 13. Ne2 Na6 14. Nd4 Nc7
15. Kf2 Ncd5 16. Rd1 Kc7 17. Nxe6+ fxe6 18. Bxd5 exd5 19. Kg3 Rhf8 20. c3 Rad8
21. Nc2 e6 22. Nd4 Rde8 23. Nf3 Nd7 24. Be3 b6 25. b3 c5 26. a4 a5 27. Rab1 h6
28. h4 Rf7 29. Rdc1 Ref8 30. b4 Nxe5 31. bxa5 Nc4 32. axb6+ Kc6 33. b7 Rb8 34.
Bf2 Rfxb7 35. Rxb7 Rxb7 36. Ne1 Nd2 37. Nd3 Ne4+ 38. Kf3 c4 39. Ne5+ Bxe5 40.
fxe5 Rf7+ 41. Ke2 Rxf2+ 0-1

[Event "European Youth Chess Championship G14"]
[Site "Prague, Top Hotel Prague"]
[Date "2016.08.22"]
[Round "5.34"]
[White "Greibrokk, Maria"]
[Black "Bellahcene, Meriem"]
[Result "0-1"]
[WhiteElo "1567"]
[BlackElo "1837"]
[PlyCount "84"]
[EventDate "2016.08.18"]

1. e4 c5 2. Nf3 Nc6 3. d4 cxd4 4. Nxd4 g6 5. Nc3 Bg7 6. Be3 Nf6 7. Bc4 Qa5 8.
O-O O-O 9. Bb3 d6 10. h3 Bd7 11. Qd3 Nxd4 12. Bxd4 Bc6 13. Rad1 Nd7 14. Bxg7
Kxg7 15. f4 Qc5+ 16. Kh1 Rac8 17. f5 Nf6 18. Rf4 b5 19. a4 bxa4 20. Nxa4 Bxa4
21. Bxa4 Qe5 22. Rf3 Qxe4 23. Qxe4 Nxe4 24. Bb3 Rc5 25. fxg6 hxg6 26. Kg1 e6
27. Rfd3 d5 28. Rd4 Rb8 29. Kf1 a5 30. Ra1 Kf6 31. Ke2 Ke5 32. Rd3 f5 33. Ra4
Rb4 34. Ke3 Rxa4 35. Bxa4 Rc4 36. Ra3 g5 37. Bb5 Rxc2 38. Bf1 Rxb2 39. Rxa5
Rb3+ 40. Ke2 Ng3+ 41. Kf2 Nxf1 42. Kxf1 Rb2 0-1

[Event "European Youth Chess Championship G14"]
[Site "Prague, Top Hotel Prague"]
[Date "2016.08.22"]
[Round "5.35"]
[White "Levin, Emily"]
[Black "Hrysogelou, Athanasia-Panagiot"]
[Result "0-1"]
[WhiteElo "1390"]
[BlackElo "1695"]
[PlyCount "102"]
[EventDate "2016.08.18"]

1. d4 Nf6 2. c4 e6 3. Nc3 Bb4 4. e3 O-O 5. Nge2 d5 6. a3 Be7 7. Ng3 Re8 8. cxd5
exd5 9. Bd3 a5 10. Qc2 c6 11. O-O Na6 12. Bd2 Be6 13. Na4 Qc7 14. Rab1 Rec8 15.
b4 axb4 16. axb4 Qd8 17. Nc5 Nxc5 18. bxc5 Ra7 19. Rb6 Rca8 20. Rfb1 Qc7 21. h3
g6 22. Bc3 Bd8 23. R6b2 Qc8 24. Kh2 Bc7 25. f4 Qb8 26. Qf2 Bd7 27. Be1 Kg7 28.
Kg1 Bc8 29. Qf3 Ra3 30. Bc2 Ra2 31. f5 Rxb2 32. Rxb2 Ra1 33. Rb1 Qa7 34. Bc3
Rxb1+ 35. Bxb1 Qa3 36. Ne2 Qb3 37. Qf1 b6 38. cxb6 Bxb6 39. Bd3 Ba5 40. Qe1 Bc7
41. fxg6 hxg6 42. Qb1 Qa3 43. Bb4 Qa4 44. Nc3 Qa8 45. Bc5 Bd7 46. g4 Qe8 47.
Qe1 Ba5 48. Kf2 Qb8 49. Qc1 Qh2+ 50. Ke1 Qg1+ 51. Bf1 Ne4 0-1

[Event "European Youth Chess Championship G14"]
[Site "Prague, Top Hotel Prague"]
[Date "2016.08.22"]
[Round "5.36"]
[White "Vidruk, Mariia"]
[Black "Rubsamen, Anais"]
[Result "1-0"]
[WhiteElo "1665"]
[BlackElo "1578"]
[PlyCount "89"]
[EventDate "2016.08.18"]

1. e4 g6 2. d4 Bg7 3. Nf3 c6 4. Bd3 d5 5. Nbd2 Nh6 6. Qe2 O-O 7. O-O dxe4 8.
Nxe4 Bg4 9. c3 Nd7 10. h3 Bf5 11. Bf4 f6 12. Bc4+ Nf7 13. Ng3 Nb6 14. Nxf5 gxf5
15. Be6 Nd5 16. Bd2 f4 17. Bxd5 cxd5 18. Bxf4 Kh8 19. Rfe1 Re8 20. Qe6 Nh6 21.
Nh4 Bf8 22. Re3 Bg7 23. Rae1 Qa5 24. a3 Qb5 25. R3e2 Rac8 26. Bxh6 Bxh6 27. Nf5
Bf8 28. Qf7 Qd7 29. Nxe7 Rxe7 30. Rxe7 Bxe7 31. Rxe7 Qxe7 32. Qxe7 Rg8 33.
Qxf6+ Rg7 34. Qd8+ Rg8 35. Qxd5 Rg7 36. Qd8+ Rg8 37. Qf6+ Rg7 38. d5 h5 39. d6
Kh7 40. Qf5+ Kg8 41. d7 Rxd7 42. Qxd7 h4 43. f4 b5 44. f5 b4 45. f6 1-0

[Event "European Youth Chess Championship G14"]
[Site "Prague, Top Hotel Prague"]
[Date "2016.08.22"]
[Round "5.37"]
[White "Liiv, Kristiina"]
[Black "Merkesvik, Amalie Isabel"]
[Result "1/2-1/2"]
[WhiteElo "1341"]
[BlackElo "1639"]
[PlyCount "84"]
[EventDate "2016.08.18"]

1. c4 Nf6 2. Nc3 c6 3. Nf3 d5 4. cxd5 cxd5 5. d4 Nc6 6. e3 Bf5 7. Be2 e6 8. O-O
Be7 9. Nh4 Bg6 10. Nxg6 hxg6 11. b3 Bd6 12. h3 a6 13. Bb2 Rc8 14. Rc1 Bc7 15.
Ba3 Ne7 16. Rc2 O-O 17. Qa1 Bd6 18. Bxd6 Qxd6 19. Rfc1 b5 20. a4 b4 21. Nd1 a5
22. Rxc8 Rxc8 23. Rxc8+ Nxc8 24. Qc1 Ne7 25. Bb5 Kf8 26. f3 e5 27. dxe5 Qxe5
28. Qb2 Qc7 29. Qd2 Nf5 30. Bd3 Nd6 31. Qc2 Qxc2 32. Bxc2 Nb7 33. Nf2 Nc5 34.
Nd3 Nxd3 35. Bxd3 Nd7 36. Kf2 Nc5 37. Bc2 Ke7 38. g4 Kd6 39. h4 Ne6 40. Bd3 Nc5
41. Bc2 Ne6 42. Bd3 Nc5 $11 1/2-1/2

[Event "European Youth Chess Championship G14"]
[Site "Prague, Top Hotel Prague"]
[Date "2016.08.22"]
[Round "5.38"]
[White "Simkunaite, Gabija"]
[Black "Munte, Noa"]
[Result "1-0"]
[WhiteElo "1629"]
[BlackElo "1529"]
[PlyCount "63"]
[EventDate "2016.08.18"]

1. e4 c5 2. c3 Nf6 3. e5 Nd5 4. d4 cxd4 5. Nf3 e6 6. cxd4 b6 7. Nc3 Bb7 8. a3
Be7 9. Bd3 Nxc3 10. bxc3 Qc7 11. Bb2 Nc6 12. O-O Na5 13. Nd2 Bd5 14. Qg4 g6 15.
c4 Bb7 16. Rac1 f5 17. exf6 Bxf6 18. Rfe1 Kf7 19. Be4 Rae8 20. Bxb7 Nxb7 21.
Ne4 Bg7 22. c5 Rhf8 23. c6 Nd8 24. a4 Kg8 25. cxd7 Qxd7 26. Ba3 Rf5 27. Nd6
Qxa4 28. Nxe8 Qxe8 29. Rc8 Qd7 30. Rec1 Bxd4 31. R8c2 Qf7 32. Qxd4 1-0

[Event "European Youth Chess Championship G14"]
[Site "Prague, Top Hotel Prague"]
[Date "2016.08.22"]
[Round "5.39"]
[White "Waardenburg, Marlinde"]
[Black "Sorensen, Signe Sofie Boss"]
[Result "1-0"]
[WhiteElo "1580"]
[BlackElo "1369"]
[PlyCount "61"]
[EventDate "2016.08.18"]

1. e4 c5 2. Nf3 Nc6 3. Bb5 d6 4. O-O Bd7 5. c3 a6 6. Ba4 b5 7. Bc2 Nf6 8. h3 e5
9. d4 exd4 10. cxd4 cxd4 11. Nxd4 Be7 12. Nc3 O-O 13. Bf4 Qb6 14. Nf3 Nh5 15.
Nd5 Qb8 16. Nxe7+ Nxe7 17. Bxd6 Qd8 18. Qd3 Re8 19. Rad1 Ra7 20. Bc5 Rb7 21.
Bxe7 Rxe7 22. Qd5 Rc7 23. Bb1 Nf4 24. Qd2 Ng6 25. Rfe1 Ne5 26. Nxe5 Rxe5 27.
Re3 Kf8 28. Qd6+ Re7 29. Qxa6 Rc6 30. Qxc6 Ke8 31. Red3 1-0

[Event "European Youth Chess Championship G14"]
[Site "Prague, Top Hotel Prague"]
[Date "2016.08.22"]
[Round "5.40"]
[White "Norlamo, Sarabella"]
[Black "Kvendseth, Thyra"]
[Result "0-1"]
[WhiteElo "1534"]
[BlackElo "1735"]
[PlyCount "80"]
[EventDate "2016.08.18"]

1. e4 e5 2. Nf3 Nc6 3. Nc3 Nf6 4. g3 Bc5 5. Bg2 d6 6. d3 Bg4 7. Na4 Bb6 8. Nxb6
axb6 9. c3 O-O 10. O-O Qd7 11. Re1 Rfe8 12. Bg5 Qe6 13. Qc2 Rxa2 14. Rxa2 Qxa2
15. Bxf6 gxf6 16. Qd2 Qe6 17. Qh6 f5 18. Qxe6 fxe6 19. Ng5 h6 20. Nf3 Ra8 21.
Nh4 Ne7 22. h3 Bh5 23. exf5 Nxf5 24. Nxf5 exf5 25. Bxb7 Ra7 26. Bc6 Kg7 27. Bd5
Ra5 28. Bg2 Ra2 29. Rb1 Bf7 30. b4 Rd2 31. Bf1 b5 32. Ra1 Rc2 33. Ra3 Rc1 34.
f4 e4 35. Kf2 e3+ 36. Ke2 Bh5+ 37. Kxe3 Rxf1 38. Ra7 Re1+ 39. Kd4 Re7 40. c4
c5+ 0-1

[Event "European Youth Chess Championship G14"]
[Site "Prague, Top Hotel Prague"]
[Date "2016.08.22"]
[Round "5.41"]
[White "Lorencova, Michaela"]
[Black "Katkov, Michelle"]
[Result "0-1"]
[WhiteElo "1491"]
[BlackElo "1619"]
[PlyCount "28"]
[EventDate "2016.08.18"]

1. e4 e5 2. Nf3 Nc6 3. Bc4 Nf6 4. d3 Bc5 5. Bg5 h6 6. Bh4 d6 7. O-O Bg4 8. c3
g5 9. Bg3 h5 10. h3 h4 11. hxg4 hxg3 12. d4 gxf2+ 13. Rxf2 Nxg4 14. dxc5 Rh1+
0-1

[Event "European Youth Chess Championship G14"]
[Site "Prague, Top Hotel Prague"]
[Date "2016.08.22"]
[Round "5.42"]
[White "Mura, Marta"]
[Black "Akulova, Alicia"]
[Result "0-1"]
[WhiteElo "1483"]
[BlackElo "1611"]
[PlyCount "114"]
[EventDate "2016.08.18"]

1. d4 Nf6 2. Nf3 c5 3. e3 e6 4. Bd3 b6 5. c3 Bb7 6. Nbd2 Be7 7. O-O O-O 8. Qc2
cxd4 9. exd4 Nc6 10. Re1 Rc8 11. Ne4 Nxe4 12. Bxe4 f5 13. Bd3 Nb4 14. Qe2 Nxd3
15. Qxd3 Be4 16. Qe2 g5 17. Ne5 Qe8 18. h3 Kh8 19. Qb5 Bc6 20. Nxc6 Rxc6 21.
Qe2 Qg6 22. d5 Rd6 23. Qe5+ Kg8 24. dxe6 Rxe6 25. Qd5 Kh8 26. Bd2 g4 27. Rxe6
dxe6 28. Qe5+ Bf6 29. Qxe6 Re8 30. Qc4 gxh3 31. g3 Re4 32. Qc8+ Re8 33. Qc4 h5
34. Kh2 Be5 35. Kxh3 Rg8 36. Rg1 f4 37. Bxf4 Qg4+ 38. Kh2 Bf6 39. Qf1 h4 40.
Qh3 Qf3 41. Be3 Rg7 42. Qc8+ Kh7 43. Qh3 Kg8 44. Rg2 hxg3+ 45. Rxg3 Be5 46.
Qe6+ Kf8 47. Qc8+ Ke7 48. Qh3 Bxg3+ 49. fxg3 Qe2+ 50. Kh1 Qxe3 51. Qh4+ Kf7 52.
Qc4+ Qe6 53. Qc7+ Kg6 54. Qf4 Rh7+ 55. Kg2 Qe2+ 56. Qf2 Rh2+ 57. Kxh2 Qxf2+ 0-1

[Event "European Youth Chess Championship G14"]
[Site "Prague, Top Hotel Prague"]
[Date "2016.08.22"]
[Round "5.43"]
[White "Plaza, Reino Leire"]
[Black "Petkova, Denitsa"]
[Result "0-1"]
[WhiteElo "1124"]
[BlackElo "1602"]
[PlyCount "80"]
[EventDate "2016.08.18"]

1. e4 c5 2. Nf3 d6 3. d4 cxd4 4. Nxd4 Nf6 5. Nc3 Nc6 6. Nxc6 bxc6 7. Be3 e6 8.
Bd3 Be7 9. O-O O-O 10. Qd2 Ng4 11. Rfd1 e5 12. h3 Nxe3 13. Qxe3 Bg5 14. Qe2 Be6
15. Bc4 Bh4 16. b3 Qe7 17. Rd2 Rad8 18. Rad1 Bc8 19. Rd3 Qf6 20. R1d2 Bg5 21.
Rd1 Kh8 22. Rf3 Qg6 23. Rg3 Qh6 24. Rf3 f5 25. exf5 Bxf5 26. Ne4 Bxe4 27. Qxe4
d5 28. Rxf8+ Rxf8 29. Qxe5 dxc4 30. bxc4 Qh4 31. Qe2 Qh6 32. Qd3 Qf6 33. Qe2
Bh4 34. Rd2 Qg5 35. a4 Bxf2+ 36. Kh1 Be3 37. Rd1 Bb6 38. Re1 h6 39. Qe4 Bc7 40.
Qxc6 Qg3 0-1

[Event "European Youth Chess Championship G14"]
[Site "Prague, Top Hotel Prague"]
[Date "2016.08.22"]
[Round "5.44"]
[White "Nass, Maria"]
[Black "Lagazauri, Tamar"]
[Result "1/2-1/2"]
[WhiteElo "1588"]
[BlackElo "1505"]
[PlyCount "92"]
[EventDate "2016.08.18"]

1. e4 c6 2. d4 g6 3. Bd3 Bg7 4. c3 d5 5. e5 e6 6. Ne2 Ne7 7. Bg5 Nd7 8. Nd2 c5
9. f4 c4 10. Bc2 Nb6 11. g4 h6 12. Bxe7 Qxe7 13. Nf3 Bd7 14. Ng3 O-O-O 15. b3
Qa3 16. Qc1 Qxc1+ 17. Rxc1 Bf8 18. b4 Ba4 19. Bb1 Be7 20. f5 gxf5 21. gxf5 Bg5
22. Nxg5 hxg5 23. f6 Rh4 24. O-O Rdh8 25. Rf2 Nd7 26. Rg2 Kc7 27. Nf1 Rg8 28.
Nd2 Rh3 29. Kf2 Nf8 30. Nf3 g4 31. Ng1 Rhh8 32. Re1 Nh7 33. Bxh7 Rxh7 34. h3
Rh4 35. hxg4 Rhxg4 36. Rxg4 Rxg4 37. Nf3 Bc2 38. Rg1 Rxg1 39. Nxg1 b5 40. Nh3
Kd7 41. Kg3 Ke8 42. Kh4 Bf5 43. Nf4 Kf8 44. Kg5 Be4 45. Nh5 Bg6 46. Nf4 Be4
1/2-1/2

[Event "European Youth Chess Championship G14"]
[Site "Prague, Top Hotel Prague"]
[Date "2016.08.22"]
[Round "5.45"]
[White "Szczerbacewicz, Nastia"]
[Black "Kvamme, Ingrid Jodre"]
[Result "1-0"]
[WhiteElo "1565"]
[BlackElo "1486"]
[PlyCount "71"]
[EventDate "2016.08.18"]

1. Nf3 c5 2. g3 Nf6 3. Bg2 g6 4. d3 Bg7 5. O-O O-O 6. e4 d6 7. Nc3 Nc6 8. h3
Rb8 9. a4 a6 10. Be3 Bd7 11. e5 Ne8 12. exd6 exd6 13. d4 c4 14. d5 Ne5 15. Nxe5
Bxe5 16. a5 Rc8 17. Qd2 Nc7 18. Rfe1 Nb5 19. Nd1 c3 20. bxc3 Nxc3 21. Bf4 Bxf4
22. Qxf4 Nxd1 23. Rexd1 Bf5 24. c4 Re8 25. g4 Bc2 26. Rdc1 Bd3 27. Qd4 Be2 28.
Rc2 Re5 29. Be4 f5 30. Rxe2 Rxe4 31. Rxe4 fxe4 32. Qxe4 Qc7 33. Qe6+ Kf8 34.
Re1 Rd8 35. Qf6+ Qf7 36. Qxd8+ 1-0

[Event "European Youth Chess Championship G14"]
[Site "Prague, Top Hotel Prague"]
[Date "2016.08.22"]
[Round "5.47"]
[White "Markova, Kristyna"]
[Black "Janotkova, Katerina"]
[Result "1-0"]
[WhiteElo "1536"]
[BlackElo "1229"]
[PlyCount "69"]
[EventDate "2016.08.18"]

1. e4 c5 2. Nf3 e6 3. d4 cxd4 4. Nxd4 Nc6 5. Nc3 a6 6. Be3 Qc7 7. Be2 Nf6 8.
O-O Be7 9. Nxc6 Qxc6 10. Bf3 Qc7 11. Re1 d6 12. Na4 Bd7 13. Nb6 Rd8 14. a4 Bc6
15. c3 Bxe4 16. Bxe4 Nxe4 17. Qg4 f5 18. Qxg7 Rf8 19. Qxh7 Nf6 20. Qg6+ Rf7 21.
a5 d5 22. Bg5 Rd6 23. Bf4 Qd8 24. Bxd6 Qxd6 25. Re2 Ne4 26. Nc8 Qc7 27. Nxe7
Qxe7 28. f3 Qc5+ 29. Kf1 Nf6 30. Rxe6+ Kf8 31. Rxf6 Rxf6 32. Qxf6+ Kg8 33. Re1
Qc8 34. Qe6+ Qxe6 35. Rxe6 1-0

[Event "European Youth Chess Championship G14"]
[Site "Prague, Top Hotel Prague"]
[Date "2016.08.22"]
[Round "5.48"]
[White "Davidson, Laura"]
[Black "Smith, Rachel Lorna"]
[Result "1-0"]
[WhiteElo "1453"]
[BlackElo "1616"]
[PlyCount "91"]
[EventDate "2016.08.18"]

1. e4 c6 2. d4 d5 3. exd5 cxd5 4. Bd3 Nf6 5. c3 Nc6 6. Bf4 Bg4 7. Qb3 Qd7 8.
Nd2 e6 9. Ngf3 Be7 10. Ne5 Qc8 11. O-O O-O 12. Rfe1 Rd8 13. Qc2 Bh5 14. Re3 b5
15. Bxb5 Nxd4 16. Qa4 Nxb5 17. Qxb5 Rb8 18. Qa4 Rxb2 19. Nb3 Bc5 20. Nxc5 Qxc5
21. Nd3 Qxc3 22. Nxb2 Qxb2 23. Ree1 Ne4 24. Bg3 Nc5 25. Qxa7 Nd3 26. Rab1 Qd2
27. Qe7 Rc8 28. Qd7 Qc2 29. h3 Nxe1 30. Rxe1 Ra8 31. Qb7 Qxa2 32. Rb1 h6 33.
Rc1 Kh7 34. Qb5 Qa5 35. Qb1+ Bg6 36. Qb7 Ra7 37. Qb8 Rd7 38. Rc8 Bf5 39. Rh8+
Kg6 40. h4 f6 41. Qe8+ Rf7 42. Rf8 Qa7 43. Rxf7 Qa1+ 44. Kh2 Qd4 45. Rf8+ Kh7
46. Rh8# 1-0

[Event "European Youth Chess Championship G14"]
[Site "Prague, Top Hotel Prague"]
[Date "2016.08.22"]
[Round "5.49"]
[White "Minko, Olga"]
[Black "Dziho, Sadzida"]
[Result "1/2-1/2"]
[WhiteElo "1622"]
[BlackElo "1539"]
[PlyCount "44"]
[EventDate "2016.08.18"]

1. e4 c5 2. Nf3 Nc6 3. d4 cxd4 4. Nxd4 a6 5. Bc4 e6 6. O-O Nf6 7. Re1 d6 8. Nc3
Be7 9. Re3 g6 10. Be2 e5 11. Nb3 b5 12. a3 Bb7 13. Nd5 Nxd5 14. exd5 Nb8 15.
Rd3 Nd7 16. f4 exf4 17. Bxf4 Bg5 18. Qd2 Bxf4 19. Qxf4 Ne5 20. Re3 O-O 21. Rd1
Re8 22. Kh1 Rc8 1/2-1/2

[Event "European Youth Chess Championship G14"]
[Site "Prague, Top Hotel Prague"]
[Date "2016.08.24"]
[Round "6.1"]
[White "Antova, Gabriela"]
[Black "Maltsevskaya, Aleksandra"]
[Result "0-1"]
[WhiteElo "2241"]
[BlackElo "2341"]
[PlyCount "86"]
[EventDate "2016.08.18"]

1. d4 Nf6 2. c4 g6 3. Nc3 Bg7 4. e4 d6 5. f4 c5 6. d5 O-O 7. Nf3 e6 8. Be2 exd5
9. cxd5 Re8 10. Nd2 a6 11. a4 Nbd7 12. O-O c4 13. Bxc4 Nc5 14. Qc2 Ng4 15. Nf3
Qb6 16. Kh1 Bxc3 17. bxc3 Nxe4 18. Nd4 Bf5 19. Qb3 Qxb3 20. Bxb3 Nef2+ 21. Kg1
Bd3 22. h3 Bxf1 23. hxg4 Nd3 24. Ba3 Be2 25. Nxe2 Rxe2 26. Bxd6 Rd8 27. Bc7 Rd7
28. d6 Nxf4 29. a5 Rxg2+ 30. Kh1 Rg3 31. Ra3 Rh3+ 32. Kg1 Rxc3 33. Ba4 Rdxc7
34. dxc7 Rxc7 35. Kf2 Kg7 36. Bd1 Ne6 37. Bf3 Nd4 38. Bg2 Rc2+ 39. Kg3 Rb2 40.
Ra4 Nc6 41. Bxc6 bxc6 42. Rc4 Rb5 43. Rxc6 Rxa5 0-1

[Event "European Youth Chess Championship G14"]
[Site "Prague, Top Hotel Prague"]
[Date "2016.08.24"]
[Round "6.2"]
[White "Goltseva, Ekaterina"]
[Black "Swiech, Joanna"]
[Result "1-0"]
[WhiteElo "2213"]
[BlackElo "1888"]
[PlyCount "107"]
[EventDate "2016.08.18"]

1. d4 d5 2. Nf3 Nf6 3. c4 dxc4 4. e3 e6 5. Bxc4 c5 6. O-O a6 7. dxc5 Qxd1 8.
Rxd1 Bxc5 9. Be2 b5 10. Nbd2 Bb7 11. Nb3 Be7 12. Nfd4 Nbd7 13. Bd2 O-O 14. Na5
Bd5 15. Ndc6 Bd6 16. Bb4 Bxb4 17. Nxb4 Rfc8 18. Rac1 Rxc1 19. Rxc1 Nb6 20. b3
g6 21. f3 Ra7 22. e4 Ba8 23. Rd1 Nfd7 24. Rd6 Kf8 25. Kf2 e5 26. Ke3 Ke8 27. g3
f6 28. Bf1 h6 29. Bh3 Rc7 30. Bxd7+ Nxd7 31. Rxa6 Rc8 32. Re6+ Kf7 33. Rd6 Ke7
34. Rd2 Nb6 35. Rc2 Kd6 36. Rxc8 Nxc8 37. Nd3 Nb6 38. a3 Bc6 39. Nxc6 Kxc6 40.
Kd2 Nd7 41. Kc3 Nf8 42. f4 Nd7 43. fxe5 fxe5 44. Kb4 Kb6 45. a4 bxa4 46. bxa4
g5 47. a5+ Kc6 48. Kc4 h5 49. h3 g4 50. h4 Kd6 51. Kb5 Kc7 52. a6 Kb8 53. Kc6
Nf6 54. Nc5 1-0

[Event "European Youth Chess Championship G14"]
[Site "Prague, Top Hotel Prague"]
[Date "2016.08.24"]
[Round "6.3"]
[White "Sibajeva, Marija"]
[Black "Berdnyk, Mariia"]
[Result "0-1"]
[WhiteElo "2021"]
[BlackElo "2204"]
[PlyCount "46"]
[EventDate "2016.08.18"]

1. e4 c5 2. Nf3 e6 3. d4 cxd4 4. Nxd4 Nf6 5. Nc3 Nc6 6. Ndb5 Bb4 7. Bf4 Nxe4 8.
Qf3 Nxc3 9. Nc7+ Kf8 10. Nxa8 Qa5 11. Bd2 Nd4 12. Qd3 Qe5+ 13. Be3 Nf5 14. Be2
Nxe2+ 15. Kxe2 d5 16. g4 Nxe3 17. Qxe3 Qb8 18. Nb6 axb6 19. Qxb6 Be7 20. Qd4 b6
21. f4 Ba6+ 22. Kd2 Bc5 23. Qa4 Bc4 0-1

[Event "European Youth Chess Championship G14"]
[Site "Prague, Top Hotel Prague"]
[Date "2016.08.24"]
[Round "6.4"]
[White "Malicka, Maria"]
[Black "Zotova, Anastasia"]
[Result "1/2-1/2"]
[WhiteElo "2009"]
[BlackElo "2137"]
[PlyCount "72"]
[EventDate "2016.08.18"]

1. d4 Nf6 2. Bg5 Ne4 3. Bf4 d5 4. e3 e6 5. Bd3 c5 6. c3 Bd6 7. Bxd6 Qxd6 8.
Bxe4 dxe4 9. Qg4 O-O 10. Qxe4 Qb6 11. Qc2 cxd4 12. exd4 e5 13. dxe5 Re8 14. Nf3
Nc6 15. O-O Nxe5 16. Nbd2 Qc6 17. Nd4 Qh6 18. Rfe1 Bd7 19. N2f3 Nxf3+ 20. Nxf3
Qf6 21. Nd4 Rac8 22. Qd2 h5 23. Rxe8+ Rxe8 24. Re1 Rxe1+ 25. Qxe1 Qa6 26. a3
Qd3 27. h3 Qg6 28. Kh1 Qf6 29. Qe3 g6 30. Qf3 Qb6 31. Qd5 Qxb2 32. Qxd7 Qc1+
33. Kh2 Qf4+ 34. Kg1 Qc1+ 35. Kh2 Qf4+ 36. Kg1 Qc1+ 1/2-1/2